000 00611nam a22001697a 4500
003 OSt
005 20171010095437.0
008 120522t xxu||||| |||| 00| 0 eng d
040 _aMMSU
_cULS
100 _aGaoat, Cecile A.
_99637
245 _aEvaluation of bacterial strains isolated from the cow cud for the degradation of sweet sorghum (Sorghum bicolor) bagasse
_cCecile A. Gaoat
260 _c2007
300 _axiii, 43 leaves
_c28 cm.
500 _aThesis (BS Biology) -- Mariano Marcos State University-College of Arts and Sciences, Batac City
504 _aBibliography: leaf 32
942 _2ddc
_cTHEDIS
999 _c9520
_d9520